00000000nam 2200000za 4500
0019.668385
003CaOODSP
00520200427132956
007ta
008150407|2007||||xxc|||||     f|0| 0 eng d
020 |a978-0-662-49847-6
040 |aCaOODSP|beng
041 |aeng
041 |afre
043 |an-cn---
0861 |aSE3-29/2007
24500|aFederal electoral legislation.
260 |aOttawa : |bElections Canada, |c2007.
300 |aIn various pagings : |bill. ; |c29 cm. + |eNotice of publication, Order form (Federal Electoral Legislation updates).
500 |a"This office consolidation was prepared in accordance with subsection 554(2) of the Canada Elections Act."--Foreword.
563 |aLoose-leaf
590 |a07-28|b2007-07-13
69007|aElectoral system|2gcpds
7102 |aElections Canada.
7760#|tLégislation électorale fédérale |w(CaOODSP)9.674588
792 |tLégislation électorale fédérale. |efre|w(CaOODSP)9.668386
986 |aEC 06605 (01/07)